000 00879nam a22002297a 4500
003 OSt
005 20210416100255.0
008 100322s2020 dr a 000 0 spa d
020 _a9789945096064
040 _aDO-SdBNP
_bspa
_cBNPHU
082 4 _a920.7
_bL961b
_222
100 1 _aLuna Hidalgo, Ramón
_937920
_d1971-
245 1 0 _aBiografías de personas valiosas del municipio de Las Guáranas /
_cRamón Luna Hidalgo
260 _aSan Francisco de Macorís, República Dominicana :
_bRafy,
_c2020.
300 _a232 p. :
_bil.
_c21 cm.
500 _aIncluye datos biográficos del autor en la contracubierta
590 _aInventariado, 2021/ YL
590 _aLa biblioteca posee un (1) ejemplar autografiado por el autor.
651 4 _aLas Guáranas (República Dominicana)
_vBiografías
_978404
910 _aYLOCKWARD/Validado. Control de calidad MFF
942 _2ddc
_cLBS1
999 _c49575
_d49575